000 00285nam a22001337a 4500
008 210426b ||||| |||| 00| 0 eng d
041 _aeng
080 _a94
082 _a94
100 _a16
101 _aSHH
245 _aVorgeschichte und Naturvolker
_cLommel,A
942 _2udc
_cBK
999 _c56754
_d56754